| 000 | 00628nam a22001697a 4500 | ||
|---|---|---|---|
| 003 | OSt | ||
| 005 | 20171010095534.0 | ||
| 008 | 121008t xxu||||| |||| 00| 0 eng d | ||
| 040 |
_aMMSU _cULS |
||
| 100 |
_aAntasuda, Euclid L. II, et al. _913192 |
||
| 245 |
_aPerformance evaluation of home automation device using the internet _c Euclid L. Antasuda II, et al. |
||
| 260 | _c2008 | ||
| 300 |
_axii, [170] leaves _c28 cm. |
||
| 500 | _aThesis (BS Electronics & Communications Engineering) -- Mariano Marcos State University, College of Engineering, Batac City | ||
| 504 | _aBibliography: leaves 46-47 | ||
| 942 |
_2ddc _cTHEDIS |
||
| 999 |
_c9826 _d9826 |
||